A be star atlas of far UV and optical high-resolution spectra (Record no. 10357)

MARC details
000 -LEADER
fixed length control field 00799nam a2200253Ia 4500
003 - CONTROL NUMBER IDENTIFIER
control field IN-BaIIA
008 - FIXED-LENGTH DATA ELEMENTS--GENERAL INFORMATION
fixed length control field 211028s9999 xx 000 0 eng d
020 ## - INTERNATIONAL STANDARD BOOK NUMBER
International Standard Book Number 92-9092-025-4
040 ## - CATALOGING SOURCE
Transcribing agency IIA Library
080 ## - UNIVERSAL DECIMAL CLASSIFICATION NUMBER
Universal Decimal Classification number 084.4:524.312-7
Item number DOA
100 ## - MAIN ENTRY--PERSONAL NAME
Personal name Doazan, V.
9 (RLIN) 17605
245 #2 - TITLE STATEMENT
Title A be star atlas of far UV and optical high-resolution spectra
Statement of responsibility, etc. V. Doazan…[et al.]
260 ## - PUBLICATION, DISTRIBUTION, ETC.
Place of publication, distribution, etc. Netherlands
Name of publisher, distributor, etc. European Space Agency
Date of publication, distribution, etc. 1991
300 ## - PHYSICAL DESCRIPTION
Extent iii, 379p.
490 ## - SERIES STATEMENT
Series statement ESA SP; 1147
650 ## - SUBJECT ADDED ENTRY--TOPICAL TERM
Topical term or geographic name entry element Astronomy and astrophysics thesaurus
650 ## - SUBJECT ADDED ENTRY--TOPICAL TERM
Topical term or geographic name entry element Be star atlases
9 (RLIN) 17606
650 ## - SUBJECT ADDED ENTRY--TOPICAL TERM
Topical term or geographic name entry element Be stars
9 (RLIN) 9478
650 ## - SUBJECT ADDED ENTRY--TOPICAL TERM
Topical term or geographic name entry element Be Stars
9 (RLIN) 9478
700 ## - ADDED ENTRY--PERSONAL NAME
Personal name Barylak, M.
9 (RLIN) 17607
700 ## - ADDED ENTRY--PERSONAL NAME
Personal name Rusconi, L.
9 (RLIN) 17608
700 ## - ADDED ENTRY--PERSONAL NAME
Personal name Sedmak, G.
9 (RLIN) 15043
942 ## - ADDED ENTRY ELEMENTS (KOHA)
Koha item type Books
Holdings
Withdrawn status Lost status Damaged status Not for loan Home library Current library Shelving location Date acquired Total Checkouts Full call number Barcode Date last seen Price effective from Koha item type
        IIA Library-Bangalore IIA Library-Bangalore General Stacks 24/04/1992   084.4:524.312-7/ DOA 11267 05/11/2021 24/04/1992 Books

Powered by Koha